The rise of sharing : (Record no. 14237)

000 -LEADER
fixed length control field 01534cam a2200361 i 4500
020 ## - INTERNATIONAL STANDARD BOOK NUMBER
ISBN 9784924971387
020 ## - INTERNATIONAL STANDARD BOOK NUMBER
ISBN 4924971383
040 ## - CATALOGING SOURCE
Transcribing agency LWU
041 1# - LANGUAGE CODE
Language code of original and/or intermediate translations of text jpn
082 04 - DEWEY DECIMAL CLASSIFICATION NUMBER
Classification number 306 INT 2014 A066 Or.
100 1# - MAIN ENTRY--AUTHOR NAME
Personal name Miura, Atsushi,
245 14 - TITLE STATEMENT
Title The rise of sharing :
Remainder of title fourth-stage consumer society in Japan /
250 ## - EDITION STATEMENT
Edition statement 1st English edition
300 ## - PHYSICAL DESCRIPTION
Number of Pages xxiv, 350 pages :
Other physical details illustrations ;
Dimensions 24 cm.
490 1# - SERIES STATEMENT
Series statement LTCB international library selection ;
500 ## - GENERAL NOTE
General note "LTCB International Library Trust/International House of Japan."
500 ## - GENERAL NOTE
General note Translation of: Daiyon no shōhi : tsunagari o umidasu shakai e.
520 ## - SUMMARY, ETC.
Summary, etc Miura Atsushi draws on more than three decades of experience on the front lines of Japanese marketing research to track the four stages Japan's consumer society has traversed since th turn of the century to th present. Looking forward, he both documents the emergence of a new sharing society in Japan, and offers survival strategies for business in a people-centric, post-materialist economy.
650 #0 - SUBJECT ADDED ENTRY--TOPICAL TERM
Topical Term Consumption (Economics)
650 #0 - SUBJECT ADDED ENTRY--TOPICAL TERM
Topical Term Consumption (Economics)
650 #0 - SUBJECT ADDED ENTRY--TOPICAL TERM
Topical Term Consumer behavior
650 #7 - SUBJECT ADDED ENTRY--TOPICAL TERM
Topical Term Consumer behavior.
650 #7 - SUBJECT ADDED ENTRY--TOPICAL TERM
Topical Term Consumption (Economics)
650 #7 - SUBJECT ADDED ENTRY--TOPICAL TERM
Topical Term Consumption (Economics)
650 #7 - SUBJECT ADDED ENTRY--TOPICAL TERM
Topical Term Economic history.
650 #7 - SUBJECT ADDED ENTRY--TOPICAL TERM
Topical Term Konsumgesellschaft.
650 #7 - SUBJECT ADDED ENTRY--TOPICAL TERM
Topical Term Verbraucherverhalten.
650 #7 - SUBJECT ADDED ENTRY--TOPICAL TERM
Topical Term Teilen.
700 1# - ADDED ENTRY--PERSONAL NAME
Personal name Lewis, Dana
710 2# - ADDED ENTRY--CORPORATE NAME
Corporate name or jurisdiction name as entry element LTCB International Library Trust.
710 2# - ADDED ENTRY--CORPORATE NAME
Corporate name or jurisdiction name as entry element Kokusai Bunka Kaikan (Tokyo, Japan)
942 ## - ADDED ENTRY ELEMENTS (KOHA)
Koha item type សៀវភៅភាសាអង់គ្លេស
952 ## - LOCATION AND ITEM INFORMATION (KOHA)
Withdrawn status [LOCAL, KOHA] 0
Holdings
Permanent Location Date acquired Koha item type Lost status Shelving location Barcode Current Location Full call number
Library Block A2017-10-10សៀវភៅភាសាអង់គ្លេស A066A18604Library Block A306 INT 2014 A066 Or.
មជ្ឈមណ្ឌលឯការនៃសាកលវិទ្យាល័យភូមិន្ទកសិកម្មចំការដូង

Powered by Koha